MARC

LEADER 00000nas a22000007i 4500
001 ssj0063282
003 WaSeSS
005 20200512172242.0
006 m d
007 cr n
008 020708c20039999lauqr p s 0 a0eng
010 |a  2019201821  |z  2002214469 
016 7 |a 101174621  |2 DNLM 
016 7 |a 007160730  |2 Uk 
022 |a 2641-452X  |y 1540-7535 
035 |a (WaSeSS)ssj0063282 
037 |b New Century Health Publishers, LLC, PO Box 175, Coppell, TX 75019 
040 |a AU@  |b eng  |e pn  |c AU@  |d CO3  |d OCLCQ  |d WEA  |d OCLCF  |d OCLCQ  |d UAB  |d ZAC  |d LND  |d VT2  |d OCLCQ  |d OCLCO  |d OCLCQ  |d U3W  |d OCLCO  |d WT2  |d OCLCQ  |d UOK  |d MOW  |d OCLCQ  |d OCLCO  |d AU@  |d OCLCO  |d WYU  |d OCLCO  |d OCLCA  |d DLC  |d WaSeSS 
042 |a pcc  |a nsdp 
050 1 4 |a QP144.F85  |b C87 
060 0 0 |a W1  |b CU82QM 
070 0 |a QP144.F85  |b C87 
072 0 |a Q500 
072 0 |a T300 
082 1 0 |a 613.2  |2 23 
082 1 4 |a 613.2  |2 13 
210 0 |a Curr. top. nutraceutical res.  |b (Online) 
222 0 |a Current topics in nutraceutical research  |b (Online) 
245 0 0 |a Current topics in nutraceutical research  |h [electronic resource]. 
260 |a New Orleans, LA :  |b New Century Health Publishers,  |c [2003]- 
310 |a Quarterly 
362 1 |a Began with: Volume 1, Number 1 (February 2003). 
500 |a "An international journal for critical evaluation of research on nutraceuticals & functional foods." 
506 |a License restrictions may limit access. 
588 |a Description based on: Volume 1, Number 1 (February 2003) ; title from caption (nchojournals.com; viewed January 22, 2019). 
588 |a Latest issue consulted: Volume 16 (2018) (viewed January, 22, 2019). 
650 0 |a Functional foods  |v Periodicals. 
650 7 |a Functional foods.  |2 fast  |0 (OCoLC)fst00936070 
650 6 |a Nutraceutiques  |v Périodiques. 
650 1 2 |a Dietary Supplements  |v Periodicals. 
650 2 2 |a Vitamins  |x therapeutic use  |v Periodicals. 
650 2 2 |a Antioxidants  |x therapeutic use  |v Periodicals. 
650 2 2 |a Plant Extracts  |x therapeutic use  |v Periodicals. 
650 2 2 |a Nutrition  |v Periodicals. 
655 0 |a Electronic journals. 
776 0 8 |i Print version:  |t Current topics in nutraceuticals research  |x 1540-7535  |w (DLC) 2002214469  |w (OCoLC)50131346 
856 4 0 |z Full text available from Research Library: 02/01/2010 to 11/30/2016  |u https://search.proquest.com/publication/136101